Catàleg del Col·legi de Periodistes de Catalunya

Memoria -- (Registre núm. 2777)

000 -CABECERA
Longitud fija campo de control 00483nas a2200145 a 4500
001 - NÚMERO DE CONTROL
Número de control 2777
003 - IDENTIFICADOR DEL NÚMERO DE CONTROL
Identificador del número de control CDMR
005 - FECHA Y HORA DE LA ÚLTIMA TRANSACCIÓN
Fecha y hora de la última transacción 20131011171248.0
008 - CÓDIGOS DE INFORMACIÓN DE LONGITUD FIJA
Códigos de información de longitud fija 130130d1925|||||||a||||||||||||||||||||d
040 ## - FUENTE DE LA CATALOGACIÓN
Centro catalogador de origen CDMR
Lengua de catalogación cat
Centro transcriptor CDMR
110 2# - PUNTO DE ACCESO PRINCIPAL-NOMBRE DE ENTIDAD CORPORATIVA
Nombre de entidad corporativa o nombre de jurisdicción como elemento inicial Montepio de Empleados y Corresponsables Administrativos de la Prensa de España
9 (RLIN) 247
245 10 - MENCIÓN DE TÍTULO
Título Memoria --
Mención de responsabilidad, etc. Montepío de Empleados y Corresponsables Administrativos de la Prensa de España
260 ## - PUBLICACIÓN, DISTRIBUCIÓN, ETC. (PIE DE IMPRENTA)
Lugar de publicación, distribución, etc. Madrid
Fecha de publicación, distribución, etc. 1924-
Nombre del editor, distribuidor, etc. Prensa Gráfica
942 ## - ENTRADA DE ELEMENTOS AGREGADOS (KOHA)
Koha [por defecto] tipo de item Monografies
Fuente de clasificaión o esquema
Fons
Suprimido Perdido Estropeado No para préstamo Localización permanente Localización actual Fecha adquisición Serie de enumeración / cronología Préstamos totales Signatura completa Código de barras Fecha última consulta Fecha del precio de reemplazo Tipo de item de Koha
        Centre de Documentació Montserrat Roig Centre de Documentació Montserrat Roig 2013-01-16 1924   Dt 15/35 CDMR13108363 2013-01-16 2013-01-16 Reserva / Històric
        Centre de Documentació Montserrat Roig Centre de Documentació Montserrat Roig 2013-01-16 1926   Dt 15/36 CDMR13108364 2013-01-16 2013-01-16 Reserva / Històric
        Centre de Documentació Montserrat Roig Centre de Documentació Montserrat Roig 2013-01-16 1927   Dt 15/37 CDMR13108365 2013-01-16 2013-01-16 Reserva / Històric
        Centre de Documentació Montserrat Roig Centre de Documentació Montserrat Roig 2013-01-16 1928   Dt 15/38 CDMR13108366 2013-01-16 2013-01-16 Reserva / Històric
        Centre de Documentació Montserrat Roig Centre de Documentació Montserrat Roig 2013-01-16 1929   Dt 15/39 CDMR13108367 2013-01-16 2013-01-16 Reserva / Històric

Implantat amb Koha